|
|
|
|
| LEADER |
00000nkm a2200000 a 4500 |
| 001 |
vtls012001774 |
| 003 |
SK-MaSNL |
| 005 |
20260331212513.0 |
| 007 |
kf co |
| 008 |
231121s1971 xo g kuslo |
| 015 |
|
|
|a SNBG1971
|
| 035 |
|
|
|a urn:nbn:sk:snk-km00fdg1
|
| 035 |
|
|
|a urn:nbn:sk:snk-km45tab
|
| 035 |
|
|
|a 6A749B4A-E640-4F29-9A47-E02D674E8D3F
|
| 040 |
|
|
|a SNK
|b slo
|c SNK
|e AACR2
|
| 041 |
0 |
|
|a slo
|
| 043 |
|
|
|a e-xo---
|
| 044 |
|
|
|a xo
|c SK
|
| 072 |
|
7 |
|a 913
|x Regionálna geografia
|2 konspekt
|
| 080 |
|
|
|a 913(437.6)
|2 2011
|
| 080 |
|
|
|a 726:27-523.43
|2 2011
|
| 080 |
|
|
|a 728.82
|2 2011
|
| 080 |
|
|
|a 72.012.8
|2 2011
|
| 080 |
|
|
|a 749.1
|2 2011
|
| 080 |
|
|
|a 069
|2 2011
|
| 080 |
|
|
|a 904:72
|2 2011
|
| 080 |
|
|
|a 904(084.121)
|2 2011
|
| 100 |
1 |
|
|a Kanka, Ján
|4 pht
|9 181462
|
| 245 |
1 |
0 |
|a Antol
|h grafika
|b Lesnícke, drevárske a poľovnícke múzeum - štátny kaštieľ
|c foto: Ján Kanka
|
| 246 |
1 |
|
|i Názov na obrazovej časti:
|a Antol
|
| 260 |
|
|
|a Bratislava
|b Pravda
|c 1971
|e Skalica
|f Grafobal
|
| 300 |
|
|
|a 1 pohľadnica (5 čiastkových pohľadov)
|b farebná
|c 11 x 15 cm
|
| 520 |
8 |
|
|a Zobrazenie: Päť čiastkových pohľadov oddelených bielymi líniami, uprostred vodorovne na žltom podklade vidno názov s vzorom dreva, vľavo od žltého rámiku je pásik - drevený vzor, nad ním a pod ním žltý a biely, rovnako vzrorovaný rámik je aj medzi pohľadmi v hornej časti pohľadnice, zvislo. Pohľad na kaštieľ zo záhrady za ním. Štyri rôzne pohľady na interiér kaštieľa, na drevený nábytok, na sieň kaplnky, na sieň s dobovým čalúneným nábytkom, pohľad na sieň s vystavenými objektami s nápisom v pozadí na stene: "Huncovce"
|
| 610 |
2 |
7 |
|a Svätý Anton (Slovensko : kaštieľ)
|2 SNKKA
|9 172285
|
| 610 |
2 |
7 |
|a Kaplnka Nanebovzdania Panny Márie (Svätý Anton, Slovensko)
|2 SNKKA
|9 506768
|
| 650 |
0 |
7 |
|a kaplnky
|2 SNKPH
|9 3026
|
| 650 |
0 |
7 |
|a kaštiele
|2 SNKPH
|9 28599
|
| 650 |
0 |
7 |
|a interiéry
|2 SNKPH
|9 2953
|
| 650 |
0 |
7 |
|a historický nábytok
|2 SNKPH
|9 3107
|
| 650 |
0 |
7 |
|a múzeá
|2 SNKPH
|9 4119
|
| 650 |
0 |
7 |
|a národné kultúrne pamiatky
|2 SNK
|9 31192
|
| 651 |
|
7 |
|a Svätý Anton (Slovensko)
|2 SNKPHgeo
|9 79544
|
| 655 |
|
7 |
|a miestne pohľadnice
|2 SNKPH
|9 70510
|
| 655 |
|
7 |
|a pohľadnice kultúrnych pamiatok
|2 SNKPH
|9 70523
|
| 852 |
|
|
|a Slovenská národná knižnica
|
| 958 |
|
|
|a GC
|
| 958 |
|
|
|a OND
|
| 958 |
|
|
|a GBN
|
| 958 |
|
|
|a EUIPO
|
| 999 |
|
|
|c 782421
|d 784351
|
| 952 |
|
|
|a SNK
|b SNK
|y PREZ
|7 0
|p 17A1224919
|o snkSP 9167
|0 0
|1 0
|4 0
|d 2020-11-04
|f 1
|l 0
|r 2026-02-24 01:09:05
|w 2026-02-24
|